Statistics for Asian Geography by Letter - J

Click here to take the quiz!

General Stats

  • This quiz has been taken 60 times
  • The average score is 11 of 20

Answer Stats

HintAnswer% Correct
Capital of IndonesiaJakarta
100%
Land of the Rising SunJapan
100%
Holiest city in JudaismJerusalem
100%
Island the above is located onJava
98%
Major port city on Saudi Arabia's Red Sea coastJeddah
96%
Country named after the river on its western borderJordan
96%
Non-violent Indian religionJainism
73%
Most commonly spoken first language in IndonesiaJavanese
73%
Capital of the Indian state of RajasthanJaipur
70%
South Korea's largest islandJeju Island
61%
City of 9 million in eastern ChinaJinan
46%
Biblical kingdom ruled by the House of DavidJudah
43%
Official ideology of North KoreaJuche
34%
Province in northeast ChinaJilin
32%
40% of India's mining production is from this stateJharkhand
21%
Most densely populated province of ChinaJiangsu
21%
Province of China where the Chinese Civil War beganJiangxi
21%
Egyptian name for Mount SinaiJabal Musa
13%
Tallest mountain in KyrgyzstanJengish Chokusu
5%
Term for the three main Kazakh tribal divisionsjüz
5%

Score Distribution

Percentile by Number Answered

Percent of People with Each Score

Your Score History

You have not taken this quiz